Building better - less - different: clean energy transition and digital transformation : (Record no. 12662)

000 -LEADER
fixed length control field 01343nam a22002295i 4500
003 - CONTROL NUMBER IDENTIFIER
control field OSt
005 - DATE AND TIME OF LATEST TRANSACTION
control field 20240627164447.0
008 - FIXED-LENGTH DATA ELEMENTS--GENERAL INFORMATION
fixed length control field 230817s2023 mau 000 0 eng
020 ## - INTERNATIONAL STANDARD BOOK NUMBER
International Standard Book Number 9783035621174
Qualifying information (paperback)
040 ## - CATALOGING SOURCE
Original cataloging agency DLC
Language of cataloging eng
Description conventions rda
Transcribing agency DLC
042 ## - AUTHENTICATION CODE
Authentication code pcc
100 1# - MAIN ENTRY--PERSONAL NAME
Personal name Hebel, Dirk E.,
Relator term author.
245 10 - TITLE STATEMENT
Title Building better - less - different: clean energy transition and digital transformation :
Remainder of title fundamentals, case studies, strategies /
Statement of responsibility, etc Dirk E. Hebel, Felix Heisel, Andreas Wagner, Moritz Dörstelmann.
250 ## - EDITION STATEMENT
Edition statement 1.
263 ## - PROJECTED PUBLICATION DATE
Projected publication date 2310
300 ## - PHYSICAL DESCRIPTION
Extent pages cm
520 ## - SUMMARY, ETC.
Summary, etc "The clean energy transition and the digital transformation are essential components of a fundamental change towards circular construction with significantly lower impacts on environment and climate. Building design and construction measures become part of a holistic energy concept spanning the entire life cycle. Digital construction technologies provide a reinterpretation of natural building materials. Mass customization of tailor-made building components minimizes resource consumption. These are foundations for a profound transformation of the architecture, construction and engineering industries"--
700 1# - ADDED ENTRY--PERSONAL NAME
Personal name Heisel, Felix,
Relator term author.
700 1# - ADDED ENTRY--PERSONAL NAME
Personal name Wagner, Andreas,
Relator term other.
700 1# - ADDED ENTRY--PERSONAL NAME
Personal name Dörstelmann, Moritz,
Relator term other.
942 ## - ADDED ENTRY ELEMENTS (KOHA)
Source of classification or shelving scheme
Holdings
Withdrawn status Lost status Source of classification or shelving scheme Damaged status Koha normalized classification for sorting Not for loan Permanent location Current location Date acquired Source of acquisition Cost, normal purchase price Full call number Barcode Date last seen Cost, replacement price Price effective from Koha item type
        690_028600000000000   BMS College of Architecture, Design and Planning BMS College of Architecture, Design and Planning 2024-06-27 1 3394.80 690.0286 AR-UG3846 2024-06-27 4526.40 2024-06-27 B.PLAN
Copyright © 2025, The Librarian, Library and Information Centre, BMSCA D&P, Bengaluru. All Rights Reserved
web counter

Powered by Koha